Hum log / ہم لوگ (Urdu) / (Record no. 194205)
[ view plain ]
| 000 -LEADER | |
|---|---|
| fixed length control field | 00409 a2200157 4500 |
| 003 - CONTROL NUMBER IDENTIFIER | |
| control field | NUST |
| 005 - DATE AND TIME OF LATEST TRANSACTION | |
| control field | 20230304151658.0 |
| 040 ## - CATALOGING SOURCE | |
| Transcribing agency | Nust |
| 082 ## - DEWEY DECIMAL CLASSIFICATION NUMBER | |
| Classification number | 891.439,HAS |
| 100 ## - MAIN ENTRY--PERSONAL NAME | |
| Personal name | 891.439 |
| 9 (RLIN) | 109754 |
| 110 ## - MAIN ENTRY--CORPORATE NAME | |
| Corporate name or jurisdiction name as entry element | Doctor Hasrat |
| 9 (RLIN) | 109755 |
| 245 ## - TITLE STATEMENT | |
| Title | Hum log / ہم لوگ (Urdu) / |
| Statement of responsibility, etc. | Dr. Hasrat kanroji |
| 260 ## - PUBLICATION, DISTRIBUTION, ETC. | |
| Place of publication, distribution, etc. | Islamabad |
| Name of publisher, distributor, etc. | National book foundation |
| Date of publication, distribution, etc. | 1997 |
| 300 ## - PHYSICAL DESCRIPTION | |
| Extent | 506 p. |
| 942 ## - ADDED ENTRY ELEMENTS (KOHA) | |
| Source of classification or shelving scheme | |
| Koha item type | Book |
| Call number prefix | 891.439,HAS |
| Withdrawn status | Lost status | Source of classification or shelving scheme | Damaged status | Not for loan | Permanent Location | Current Location | Shelving location | Date acquired | Full call number | Barcode | Date last seen | Price effective from | Koha item type | Public note |
|---|---|---|---|---|---|---|---|---|---|---|---|---|---|---|
| Military College of Signals (MCS) | Military College of Signals (MCS) | General Stacks | 12/12/2016 | 891.439,HAS | MCS34209 | 12/08/2016 | 12/12/2016 | Book | Almirah No.65, Shelf No.4 |
